| 000 | 005890000a22002050004500 | ||
|---|---|---|---|
| 020 | _a0-8297-0965-7 | ||
| 041 | 0 | _aSPA | |
| 082 | 0 | 4 | _aG 265.8 M4789o |
| 100 | 1 | _aMcMillen, S. I. | |
| 245 | 1 | 0 | _aNinguna enfermedad / S. I. McMillen, Juan Sánchez Araujo, Traductor |
| 250 | _a2 ed. corregida, aumentada y actualizada | ||
| 260 | _aMiami, FL., USA : Vida | ||
| 300 | _a314 Pag | ||
| 500 | _aTitulo original : None of these diseases | ||
| 001 | 9824 | ||
| 942 | _cBK | ||
| 999 |
_c39673 _d39673 |
||
| 336 |
_atexto _btxt _2rdacontent |
||
| 337 |
_2rdamedia _asin mediación _bn |
||
| 338 |
_2rdacarrier _avolumen _bnc |
||